ग्रन्थालय एवम् सूचना विज्ञान अध्य्यन माला : एम.लिब.परीक्षाओं हेतु : (Record no. 121771)

MARC details
000 -LEADER
fixed length control field 01395nam a22002657a 4500
005 - DATE AND TIME OF LATEST TRANSACTION
control field 20170124103220.0
010 ## - LIBRARY OF CONGRESS CONTROL NUMBER
LC control number B-197858
020 ## - INTERNATIONAL STANDARD BOOK NUMBER
Terms of availability 300.00
International Standard Book Number 8170004047
035 ## - SYSTEM CONTROL NUMBER
System control number B-197858
037 ## - SOURCE OF ACQUISITION
Source of stock number/acquisition Cen Lib/Ret
040 ## - CATALOGING SOURCE
Original cataloging agency DPL
Language of cataloging HN
082 ## - DEWEY DECIMAL CLASSIFICATION NUMBER
Classification number 020
Item number लालसी
100 ## - MAIN ENTRY--PERSONAL NAME
Personal name लाल, सी.
9 (RLIN) 100811
245 ## - TITLE STATEMENT
Title ग्रन्थालय एवम् सूचना विज्ञान अध्य्यन माला : एम.लिब.परीक्षाओं हेतु :
Statement of responsibility, etc सी.लाल [और] के.कुमार
Remainder of title सूचना स्त्रोत एवम् सेवाएँ /
246 ## - VARYING FORM OF TITLE
Title proper/short title Granthalaya ewam soochna vigyan adhhyan mala : M.Lib.parikshaon hetu : soochna strot ewam sevaen /
Remainder of title by C.Lal [aur] K.Kumar
260 ## - PUBLICATION, DISTRIBUTION, ETC. (IMPRINT)
Place of publication, distribution, etc नई दिल्ली
Name of publisher, distributor, etc एस.एस.पब्लिकेशन्स
Date of publication, distribution, etc 2004
270 ## - ADDRESS
Address 4837/24, अंसारी रोड, दरियागंज
City नई दिल्ली
Postal code 110002
300 ## - PHYSICAL DESCRIPTION
Extent 188पृ.
Dimensions 20सेमी(सजिल्द)
650 ## - SUBJECT ADDED ENTRY--TOPICAL TERM
Topical term or geographic name as entry element पुस्तकालय विज्ञान
9 (RLIN) 100812
650 ## - SUBJECT ADDED ENTRY--TOPICAL TERM
Topical term or geographic name as entry element एम.लिब. -- प्रश्न पत्र
9 (RLIN) 100813
650 ## - SUBJECT ADDED ENTRY--TOPICAL TERM
Topical term or geographic name as entry element Library Science
9 (RLIN) 100814
650 ## - SUBJECT ADDED ENTRY--TOPICAL TERM
Topical term or geographic name as entry element M.Lib. -- question paper
9 (RLIN) 100815
700 ## - ADDED ENTRY--PERSONAL NAME
Personal name के.कुमार
9 (RLIN) 67402
942 ## - ADDED ENTRY ELEMENTS (KOHA)
Source of classification or shelving scheme Dewey Decimal Classification
Koha item type Hindi Books
Classification part 020
Call number suffix लालसी
Holdings
Withdrawn status Lost status Damaged status Not for loan Home library Current library Date acquired Source of acquisition Cost, normal purchase price Total Checkouts Total Renewals Full call number Barcode Date last seen Date checked out Copy number Cost, replacement price Price effective from Koha item type
        Central Library Central Library 13/10/2015 Cen Lib/Ret 300.00 5 2 020 लालसी B-197858 17/02/2024 08/02/2024 1 300.00 13/10/2015 Hindi Books

© Delhi Public Library
Hit Counter
free hit counter